[Event "USCL Seattle vs Tennessee"]
[Site "Internet Chess Club"]
[Date "2006.09.20"]
[Round "4"]
[White "Andrews, Todd"]
[Black "Mikhailuk, Slava"]
[Result "0-1"]
[WhiteElo "2350"]
[BlackElo "2433"]
[PlyCount "66"]
[EventDate "2006.??.??"]

1. d4 Nf6 2. c4 g6 3. Nc3 d5 4. Nf3 Bg7 5. Bf4 O-O 6. Rc1 dxc4 7. e4 c5 8. d5
b5 9. e5 Nh5 10. Be3 Qa5 11. a4 a6 12. Be2 Rd8 13. O-O Nc6 14. Bd2 Nb4 15. h3
Qb6 16. g4 Nxd5 17. Nxd5 Rxd5 18. gxh5 Bxh3 19. Re1 Rad8 20. Qc2 Qe6 21. Bf4
Bf5 22. Qc3 Bd3 23. Bd1 Qf5 24. Bg3 Bh6 25. Nh4 Qh3 26. b3 b4 27. Qa1 Bxc1 28.
Qxc1 Be4 29. Bf3 Bxf3 30. Nxf3 Rd3 31. Qf4 Qf5 32. Qxf5 gxf5 33. Nh4 Rd1 0-1

[Event "USCL Seattle vs Tennessee"]
[Site "Internet Chess Club"]
[Date "2006.09.20"]
[Round "4"]
[White "Wheeler, Jerry"]
[Black "Koons, Nat"]
[Result "0-1"]
[WhiteElo "2200"]
[BlackElo "2258"]
[PlyCount "74"]
[EventDate "2006.??.??"]

1. Nf3 Nf6 2. d4 d5 3. c4 e6 4. g3 dxc4 5. Qa4+ c6 6. Qxc4 b5 7. Qc2 Bb7 8. Bg2
Nbd7 9. O-O c5 10. dxc5 Bxc5 11. Nc3 Rc8 12. Qd3 a6 13. a3 O-O 14. Bg5 Qb6 15.
Rac1 h6 16. Bf4 e5 17. Nxe5 Nxe5 18. Bxe5 Ng4 19. Qf5 Bxf2+ 20. Rxf2 Ne3 21.
Qf4 Nxg2 22. Qg4 f6 23. Bd4 Qd6 24. e3 Nxe3 25. Bxe3 Qc6 26. Kf1 Rfe8 27. Ke2
Rcd8 28. Rd1 Rxd1 29. Nxd1 Qc2+ 30. Kf1 Qc6 31. Qd4 Re4 32. Qd8+ Re8 33. Qd3
Qh1+ 34. Ke2 Bd5 35. b3 Be4 36. Qd2 Bd5 37. Qc3 Be6 0-1

[Event "USCL New York vs Seattle"]
[Site "Internet Chess Club"]
[Date "2006.09.25"]
[Round "5"]
[White "Bonin, Jay"]
[Black "Mikhailuk, Slava"]
[Result "1/2-1/2"]
[WhiteElo "2379"]
[BlackElo "2433"]
[PlyCount "57"]
[EventDate "2006.??.??"]

1. d4 Nf6 2. Nf3 g6 3. c4 Bg7 4. Nc3 d5 5. cxd5 Nxd5 6. e4 Nxc3 7. bxc3 c5 8.
Bb5+ Nc6 9. O-O cxd4 10. cxd4 O-O 11. Be3 Bg4 12. Bxc6 bxc6 13. Rc1 Qa5 14. Qd2
Qxd2 15. Nxd2 Rfd8 16. Nb3 a5 17. Rxc6 a4 18. Nc5 Bxd4 19. Bxd4 Rxd4 20. f3 Rc8
21. Rxc8+ Bxc8 22. Rc1 a3 23. Nb3 Rd8 24. Rc7 Be6 25. Ra7 Bxb3 26. axb3 Rd1+
27. Kf2 Rd2+ 28. Kg3 a2 29. b4 1/2-1/2

[Event "USCL New York vs Seattle"]
[Site "Internet Chess Club"]
[Date "2006.09.25"]
[Round "5"]
[White "Lee, Michael"]
[Black "Herman, Matt"]
[Result "1/2-1/2"]
[WhiteElo "2124"]
[BlackElo "2172"]
[PlyCount "93"]
[EventDate "2006.??.??"]

1. c4 c5 2. Nc3 b6 3. e4 d6 4. g3 Bb7 5. Bg2 Nf6 6. Nge2 e6 7. O-O a6 8. d3 Qc7
9. f4 Nbd7 10. a4 g6 11. h3 h5 12. Be3 Bg7 13. Bf3 e5 14. Bg2 Bc6 15. f5 a5 16.
Nd5 Bxd5 17. exd5 Rg8 18. Nc3 O-O-O 19. Qd2 Rde8 20. fxg6 fxg6 21. Ne4 Nxe4 22.
Bxe4 Bf6 23. g4 hxg4 24. hxg4 Bh4 25. Rf7 Qd8 26. g5 Bg3 27. Kg2 Bf4 28. Bxf4
exf4 29. Qxf4 Re5 30. Kf2 Qxg5 31. Rg1 Qxf4+ 32. Rxf4 g5 33. Rf7 Rf8 34. Rxf8+
Nxf8 35. Kg3 Kd8 36. Kg4 Nd7 37. Bf5 Re2 38. Bxd7 Kxd7 39. Kxg5 Rxb2 40. Rg3
Rf2 41. Kg6 Ke7 42. Re3+ Kd7 43. Rg3 Ke7 44. Kh7 Rf7+ 45. Rg7 Kf6 46. Rxf7+
Kxf7 47. Kh8 1/2-1/2

[Event "USCL Carolina vs Boston"]
[Site "Internet Chess Club"]
[Date "2006.09.27"]
[Round "5"]
[White "Milman, Lev"]
[Black "Christiansen, Larry"]
[Result "0-1"]
[WhiteElo "2504"]
[BlackElo "2663"]
[PlyCount "82"]
[EventDate "2006.??.??"]

1. e4 c5 2. Nf3 d6 3. d4 Nf6 4. Nc3 cxd4 5. Nxd4 Nc6 6. Bg5 e6 7. Qd2 a6 8.
O-O-O Bd7 9. f4 b5 10. Bxf6 gxf6 11. Kb1 Qb6 12. Nxc6 Bxc6 13. Qe1 Ra7 14. Bd3
b4 15. Ne2 a5 16. Qh4 Be7 17. f5 e5 18. Qh6 a4 19. Qg7 Rf8 20. Qxh7 d5 21. Qh6
dxe4 22. Bc4 e3 23. Bd5 Rc7 24. Qh4 Bb5 25. Rhe1 Bc5 26. Qe4 Bxe2 27. Rxe2 Ke7
28. g4 Bd4 29. h4 Rd8 30. b3 axb3 31. cxb3 Rcd7 32. Bc4 Bc5 33. Rc1 Rd1 34. Re1
R8d4 35. Qf3 R1d2 36. g5 Qa7 37. gxf6+ Kd6 38. a4 bxa3 39. b4 a2+ 40. Ka1 Qa3
41. bxc5+ Kc7 0-1

[Event "USCL Carolina vs Boston"]
[Site "Internet Chess Club"]
[Date "2006.09.27"]
[Round "5"]
[White "Perelshteyn, Eugene"]
[Black "Hoekstra, Matthew"]
[Result "1-0"]
[WhiteElo "2598"]
[BlackElo "2391"]
[PlyCount "89"]
[EventDate "2006.??.??"]

1. d4 Nf6 2. c4 e6 3. Nf3 d5 4. Nc3 Bb4 5. e3 O-O 6. Bd3 c5 7. O-O Nc6 8. a3
Bxc3 9. bxc3 Qc7 10. Bb2 dxc4 11. Bxc4 e5 12. h3 h6 13. Qe2 Re8 14. Bb5 e4 15.
Ne5 Nxe5 16. Bxe8 Ng6 17. Ba4 Nh4 18. f4 exf3 19. Rxf3 Nxf3+ 20. Qxf3 Qb6 21.
Qe2 Bf5 22. c4 Qa5 23. Bb3 cxd4 24. Bxd4 Ne4 25. Qh5 Ng3 26. Qf3 Qc7 27. c5 Re8
28. Bd5 Re7 29. Bxb7 Bd3 30. Bd5 Ne2+ 31. Kh1 Ng3+ 32. Kg1 Ne2+ 33. Kf2 Qa5 34.
Qg4 Nxd4 35. Qxd4 Qd2+ 36. Kg1 Qxe3+ 37. Qxe3 Rxe3 38. c6 Re7 39. Rc1 Rc7 40.
Kf2 Kf8 41. Ke3 Bf5 42. Kd4 Ke7 43. Kc5 Be6 44. Bxe6 fxe6 45. Rb1 1-0

[Event "USCL Carolina vs Boston"]
[Site "Internet Chess Club"]
[Date "2006.09.27"]
[Round "5"]
[White "Jones, Craig"]
[Black "Martirosov, Vadim"]
[Result "1-0"]
[WhiteElo "2294"]
[BlackElo "2270"]
[PlyCount "137"]
[EventDate "2006.??.??"]

1. Nf3 c5 2. g3 g6 3. Bg2 Bg7 4. O-O Nc6 5. c4 e5 6. Nc3 Nge7 7. Ne1 d6 8. Nc2
Be6 9. Ne3 Qd7 10. Ned5 O-O 11. d3 Bh3 12. Rb1 Bxg2 13. Kxg2 f5 14. b4 Nxd5 15.
Nxd5 f4 16. bxc5 dxc5 17. f3 fxg3 18. hxg3 Nd4 19. e3 Ne6 20. e4 Rf7 21. Be3
Raf8 22. Rb5 h5 23. Qd2 Kh7 24. Rf2 Nd4 25. Bxd4 cxd4 26. Rb1 Bh6 27. Qe2 Kg7
28. Rbf1 Bg5 29. Qb2 h4 30. Rh1 hxg3 31. Kxg3 Bf4+ 32. Kg2 Rh8 33. Rff1 Rxh1
34. Rxh1 Qd8 35. Kf1 Qg5 36. Rh3 Bg3 37. Kg2 Be1+ 38. Kh1 Bd2 39. Qb1 Bc1 40.
Qc2 Ba3 41. Kh2 Be7 42. Rg3 Qh5+ 43. Kg2 Bh4 44. Rg4 Bg5 45. Qf2 Bh6 46. Qg3
Bf4 47. Qh4 Qxh4 48. Rxh4 g5 49. Rh1 Kg6 50. Rh8 Kg7 51. Re8 Kg6 52. Re6+ Kg7
53. Kh3 Be3 54. Kg4 a6 55. Rxe5 b5 56. cxb5 axb5 57. Re7 Rxe7 58. Nxe7 Kf6 59.
Nc6 Ke6 60. Na7 Kd6 61. Nxb5+ Kc5 62. Nc7 Kd6 63. Nd5 Kc5 64. a4 Bd2 65. Kf5
Kd6 66. a5 Bxa5 67. Kxg5 Ke6 68. Kg6 Bd8 69. f4 1-0

[Event "USCL Carolina vs Boston"]
[Site "Internet Chess Club"]
[Date "2006.09.27"]
[Round "5"]
[White "Krasik, Ilya"]
[Black "Kirby, John"]
[Result "1-0"]
[WhiteElo "2202"]
[BlackElo "2218"]
[PlyCount "95"]
[EventDate "2006.??.??"]

1. d4 Nf6 2. c4 c5 3. d5 b5 4. cxb5 a6 5. b6 Qxb6 6. Nc3 g6 7. Nf3 Bg7 8. e4 d6
9. Nd2 O-O 10. Be2 Ne8 11. O-O Qd8 12. Nc4 Nc7 13. a4 a5 14. Bg5 Nca6 15. f4
Nb4 16. Bh4 Ba6 17. Nb5 f6 18. Bg4 f5 19. exf5 gxf5 20. Bh3 Bf6 21. Bxf6 Rxf6
22. Bxf5 Kh8 23. Qh5 Qg8 24. Ra3 Rxf5 25. Qxf5 Qxd5 26. Qf8+ Qg8 27. Qxe7 N8c6
28. Qf6+ Qg7 29. Qxg7+ Kxg7 30. Ncxd6 Rd8 31. Rg3+ Kf6 32. Ne4+ Kf5 33. Nxc5
Bxb5 34. axb5 Nd4 35. Re3 Nxb5 36. Re5+ Kg6 37. Ne6 Rd5 38. Rxd5 Nxd5 39. Ra1
Kf5 40. Rxa5 Kxe6 41. f5+ Kxf5 42. Rxb5 Ke4 43. Rxd5 Kxd5 44. g4 Kc4 45. g5 Kb3
46. h4 Kxb2 47. h5 Kc3 48. g6 1-0

[Event "USCL Philadelphia vs Baltimore"]
[Site "Internet Chess Club"]
[Date "2006.09.27"]
[Round "5"]
[White "Rogers, Norman"]
[Black "Rouleau, John"]
[Result "1-0"]
[WhiteElo "2270"]
[BlackElo "2295"]
[PlyCount "55"]
[EventDate "2006.??.??"]

1. e4 e5 2. Nf3 Nc6 3. Bc4 Nf6 4. d3 Be7 5. O-O O-O 6. c3 d6 7. a4 Na5 8. Ba2
c5 9. Nbd2 Re8 10. Ng5 d5 11. exd5 Nxd5 12. Nxf7 Kxf7 13. Qf3+ Ke6 14. Re1 b6
15. d4 Bf6 16. dxe5 Be7 17. Qh3+ Kf7 18. Qh5+ Ke6 19. Qxh7 Bb7 20. Ne4 Kd7 21.
c4 Nb4 22. Rd1+ Kc7 23. Rxd8 Raxd8 24. Nc3 Nac6 25. Bf4 Rh8 26. Qg6 Rdf8 27.
Bg3 Nd4 28. Nb5+ 1-0

[Event "USCL Philadelphia vs Baltimore"]
[Site "Internet Chess Club"]
[Date "2006.09.27"]
[Round "5"]
[White "Zimmer, Ralph"]
[Black "Wilson, Elvin"]
[Result "1/2-1/2"]
[WhiteElo "2249"]
[BlackElo "2240"]
[PlyCount "111"]
[EventDate "2006.??.??"]

1. Nf3 d5 2. b3 Nf6 3. Bb2 c6 4. g3 Bf5 5. Bg2 h6 6. d3 e6 7. Nbd2 Be7 8. O-O
O-O 9. Qe1 Bh7 10. e4 c5 11. Ne5 Qc7 12. Qe2 Re8 13. Kh1 Nc6 14. Nxc6 Qxc6 15.
c4 Rad8 16. e5 Nd7 17. f4 Nb8 18. cxd5 exd5 19. f5 Bf6 20. Qg4 Bxe5 21. f6 Bg6
22. Bxe5 Rxe5 23. Nf3 Rf5 24. fxg7 Kxg7 25. d4 Nd7 26. dxc5 Qxc5 27. Nd4 Rg5
28. Qf4 Re5 29. Rac1 Qd6 30. Nf3 Re6 31. Qd4+ Nf6 32. Nh4 Qb6 33. Qf4 Qd6 34.
Nf5+ Bxf5 35. Qxf5 Re5 36. Qf2 d4 37. Bxb7 d3 38. Bf3 Qe6 39. Qxa7 Re3 40. Qc7
Rd6 41. Qb7 d2 42. Rcd1 Rdd3 43. Bg2 Re2 44. Qb5 Rde3 45. Qb4 Rxg2 46. Kxg2
Re2+ 47. Rf2 Rxf2+ 48. Kxf2 Ng4+ 49. Kf3 Qe3+ 50. Kxg4 Qe2+ 51. Kf4 Qxd1 52.
Qd4+ Kg8 53. Qd8+ Kg7 54. Qd4+ Kg8 55. Qd8+ Kg7 56. Qd4+ 1/2-1/2

[Event "USCL Dallas vs Miami"]
[Site "Internet Chess Club"]
[Date "2006.09.27"]
[Round "5"]
[White "Schneider, Igor"]
[Black "Martinez, Marcel"]
[Result "1/2-1/2"]
[WhiteElo "2387"]
[BlackElo "2415"]
[PlyCount "86"]
[EventDate "2006.??.??"]

1. e4 c5 2. Nf3 d6 3. d4 cxd4 4. Nxd4 Nf6 5. Nc3 g6 6. Be3 Bg7 7. f3 O-O 8. Qd2
Nc6 9. Bc4 Bd7 10. O-O-O Rc8 11. Bb3 Ne5 12. Kb1 Re8 13. h4 h5 14. Bh6 Qa5 15.
g4 Rxc3 16. Bxg7 Kxg7 17. bxc3 Rc8 18. gxh5 Nxh5 19. Rhg1 Nc4 20. Bxc4 Rxc4 21.
Rg5 Qxc3 22. Qxc3 Rxc3 23. Kb2 Rc4 24. Kb3 Rc8 25. Rd3 Nf4 26. Rc3 Rxc3+ 27.
Kxc3 e5 28. Nf5+ Kh7 29. Nxd6 f6 30. Rg4 Bxg4 31. fxg4 Ng2 32. Nxb7 Nxh4 33.
Kc4 Ng2 34. Kb5 Nf4 35. c4 f5 36. exf5 e4 37. Kb4 gxf5 38. gxf5 Kg7 39. Kc3 e3
40. Nd6 Kf6 41. c5 e2 42. Kd2 Ke5 43. Nb5 Kxf5 1/2-1/2

[Event "USCL Dallas vs Miami"]
[Site "Internet Chess Club"]
[Date "2006.09.27"]
[Round "5"]
[White "Moreno Roman, Alejandro"]
[Black "Kuljasevic, Davorin"]
[Result "1/2-1/2"]
[WhiteElo "2437"]
[BlackElo "2477"]
[PlyCount "106"]
[EventDate "2006.??.??"]

1. e4 c5 2. Nf3 Nc6 3. Bb5 e6 4. O-O Nge7 5. b3 a6 6. Bxc6 Nxc6 7. Bb2 b5 8. d3
d6 9. Nbd2 e5 10. c3 Be7 11. d4 O-O 12. a4 Bb7 13. Qe2 Qb6 14. d5 Nb8 15. c4 b4
16. Ne1 Nd7 17. Nd3 Qc7 18. f4 exf4 19. Rxf4 Ne5 20. Nxe5 dxe5 21. Rf5 f6 22.
Nf1 Bc8 23. Rf2 g6 24. g4 Rf7 25. Ne3 Qd6 26. Raf1 Bd7 27. Rg2 Bf8 28. g5 Bh3
29. Ng4 Bxg4 30. Qxg4 Re8 31. Rgf2 Bg7 32. h4 Rff8 33. Kg2 fxg5 34. hxg5 Rxf2+
35. Rxf2 Rf8 36. Rxf8+ Bxf8 37. Qc8 Kf7 38. Bc1 Kg7 39. Be3 Be7 40. Qe8 Qc7 41.
Qc6 Qd6 42. Kg3 Kf7 43. Qb7 Kg7 44. Qc8 Bf8 45. Qe8 Be7 46. Bc1 Qd8 47. Qc6
Bxg5 48. d6 Bf4+ 49. Bxf4 exf4+ 50. Kxf4 Qf6+ 51. Ke3 Qd4+ 52. Kf4 Qf6+ 53. Ke3
Qd4+ 1/2-1/2

[Event "USCL Dallas vs Miami"]
[Site "Internet Chess Club"]
[Date "2006.09.27"]
[Round "5"]
[White "Barredo, Luis"]
[Black "Kiewra, Keaton"]
[Result "0-1"]
[WhiteElo "2160"]
[BlackElo "2282"]
[PlyCount "74"]
[EventDate "2006.??.??"]

1. d4 Nf6 2. Nf3 g6 3. c4 Bg7 4. Nc3 O-O 5. e4 d6 6. Be2 Bg4 7. Be3 Nfd7 8. Ng1
Bxe2 9. Ngxe2 a6 10. O-O c6 11. Rc1 b5 12. Qb3 bxc4 13. Qxc4 d5 14. Qb3 Nb6 15.
Rfd1 e6 16. Bg5 f6 17. Bh4 N8d7 18. Qc2 Rf7 19. Qd3 Qf8 20. Bg3 f5 21. exf5
exf5 22. Bf4 Nc4 23. Rc2 Qe7 24. b3 Nd6 25. Bxd6 Qxd6 26. Na4 f4 27. f3 Re7 28.
Kf1 Re3 29. Qd2 Rae8 30. Qa5 Qe7 31. Nac3 Qh4 32. h3 Nf6 33. Qc7 Ne4 34. fxe4
f3 35. Ng3 fxg2+ 36. Kxg2 Be5 37. Qxe5 Rxe5 0-1

[Event "USCL San Francisco vs Tennessee"]
[Site "Internet Chess Club"]
[Date "2006.09.27"]
[Round "5"]
[White "Bereolos, Peter"]
[Black "McCambridge, Vince"]
[Result "0-1"]
[WhiteElo "2309"]
[BlackElo "2502"]
[PlyCount "108"]
[EventDate "2006.??.??"]

1. d4 e6 2. c4 Bb4+ 3. Nc3 f5 4. g4 fxg4 5. Bf4 Nf6 6. h3 g3 7. Bxg3 Ne4 8. Qd3
d5 9. Be5 O-O 10. Nf3 Nc6 11. Rh2 Nxe5 12. dxe5 c6 13. Nd2 Nxd2 14. Qxd2 b5 15.
cxb5 cxb5 16. O-O-O Bd7 17. Kb1 Be8 18. e3 Rc8 19. Rc1 Bxc3 20. Rxc3 Rxc3 21.
Qxc3 Bg6+ 22. Ka1 Qb8 23. a3 Rc8 24. Qe1 Rc2 25. Rh1 b4 26. Qxb4 Qxb4 27. axb4
Be4 28. f3 Bxf3 29. Bd3 Rd2 30. Rf1 Bg2 31. Rg1 Rxd3 32. Rxg2 Rxe3 33. Rc2 Rxe5
34. Rc8+ Kf7 35. Rc7+ Kf6 36. Rxa7 d4 37. Kb1 Rb5 38. Ra4 e5 39. Kc2 e4 40. Kb3
e3 41. Kc4 Rb8 42. Kxd4 e2 43. Ra1 Rxb4+ 44. Kc3 Rh4 45. Re1 Rxh3+ 46. Kd4 Rh4+
47. Kd5 Rh5+ 48. Kc4 Re5 49. b4 Ke6 50. b5 Kd6 51. Kd4 Re8 52. Kc4 Kc7 53. Kd3
Kb6 54. Kd2 g5 0-1

[Event "USCL San Francisco vs Tennessee"]
[Site "Internet Chess Club"]
[Date "2006.09.27"]
[Round "5"]
[White "Pruess, David"]
[Black "Wheeler, Jerry"]
[Result "1-0"]
[WhiteElo "2453"]
[BlackElo "2206"]
[PlyCount "63"]
[EventDate "2006.??.??"]

1. e4 c5 2. Nf3 g6 3. d4 Bg7 4. Nc3 cxd4 5. Nxd4 Nc6 6. Be3 Nf6 7. Nxc6 bxc6 8.
e5 Ng8 9. f4 f6 10. e6 d5 11. f5 Bh6 12. Bf2 Qa5 13. Bd3 Rb8 14. O-O Rxb2 15.
Ne2 Bd2 16. Nd4 Bf4 17. Qg4 Qc7 18. g3 Be5 19. fxg6 h5 20. g7 Rh6 21. Qf5 h4
22. Rae1 hxg3 23. Rxe5 gxh2+ 24. Kh1 Qxe5 25. Qg6+ Rxg6 26. Bxg6+ Kd8 27. Nxc6+
Kc7 28. Nxe5 fxe5 29. Bf7 Nf6 30. Bh4 Bb7 31. Bxf6 Rxc2 32. Bxe5+ 1-0

[Event "USCL San Francisco vs Tennessee"]
[Site "Internet Chess Club"]
[Date "2006.09.27"]
[Round "5"]
[White "Larson, Gerald"]
[Black "Naroditsky, Daniel"]
[Result "1-0"]
[WhiteElo "2110"]
[BlackElo "2055"]
[PlyCount "123"]
[EventDate "2006.??.??"]

1. e4 c5 2. Nf3 d6 3. d4 cxd4 4. Nxd4 Nf6 5. Nc3 a6 6. Bc4 e6 7. Bb3 b5 8. O-O
Be7 9. Qf3 Qc7 10. Re1 O-O 11. a3 Nbd7 12. Qg3 Nc5 13. Bh6 Ne8 14. Ba2 Bf6 15.
Be3 Bb7 16. f3 Rd8 17. Rad1 Ba8 18. Bf2 g6 19. f4 Bg7 20. f5 Kh8 21. b4 e5 22.
Ndxb5 axb5 23. bxc5 Bc6 24. Rd3 Nf6 25. fxg6 fxg6 26. Red1 Nxe4 27. Nxe4 Bxe4
28. cxd6 Qxc2 29. R3d2 Qc6 30. Bd5 Bxd5 31. Rxd5 Rf7 32. Qb3 Rb7 33. Rc5 Qd7
34. Qd5 Rf8 35. Be3 h6 36. Rc6 Kh7 37. Rdc1 Rd8 38. Bc5 Re8 39. Qe4 Rd8 40. Bb4
Rbb8 41. Rc7 Qe6 42. Re7 Qf5 43. Qxf5 gxf5 44. Rcc7 Rg8 45. Ba5 Kg6 46. Rxg7+
Rxg7 47. Rxg7+ Kxg7 48. d7 Kf7 49. d8=Q Rxd8 50. Bxd8 Ke6 51. Kf2 Kd5 52. Ke3
Kc4 53. Be7 Kd5 54. Bb4 h5 55. Kd3 f4 56. Bd2 h4 57. h3 e4+ 58. Ke2 e3 59. Be1
Kc4 60. Bxh4 Kb3 61. Be7 b4 62. axb4 1-0

[Event "USCL San Francisco vs New York"]
[Site "Internet Chess Club"]
[Date "2006.10.02"]
[Round "6"]
[White "Privman, Boris"]
[Black "Pinto, Mark"]
[Result "0-1"]
[WhiteElo "2315"]
[BlackElo "2217"]
[PlyCount "108"]
[EventDate "2006.??.??"]

1. d4 Nf6 2. c4 e6 3. Nf3 b6 4. g3 Ba6 5. Qa4 Bb7 6. Bg2 Be7 7. O-O O-O 8. Nc3
c5 9. Rd1 cxd4 10. Nxd4 Bxg2 11. Kxg2 Qc8 12. e4 Qb7 13. f3 a6 14. Be3 d6 15.
Rd2 Rc8 16. Qb3 Nbd7 17. Na4 Rab8 18. Qd3 Ne5 19. Qe2 Nxc4 20. Rd3 d5 21. exd5
Nxe3+ 22. Qxe3 Nxd5 23. Qe2 Bf6 24. Rad1 b5 25. Nc3 Nxc3 26. bxc3 h6 27. Qe4
Qxe4 28. fxe4 Rc4 29. Re1 Rbc8 30. e5 Bg5 31. h4 Bd8 32. Red1 Ba5 33. Nf3 Rxc3
34. Rxc3 Bxc3 35. Rd6 a5 36. Rb6 Rc5 37. Ra6 a4 38. Ra8+ Kh7 39. Ra7 Bxe5 40.
Rxf7 Bf6 41. g4 Rc2+ 42. Kg3 Rxa2 43. g5 hxg5 44. hxg5 Kg6 45. Rb7 Bxg5 46.
Rxb5 Bf6 47. Ra5 a3 48. Ne1 Re2 49. Rxa3 Rxe1 50. Kf2 Ra1 51. Rb3 e5 52. Rf3 e4
53. Rf4 e3+ 54. Ke2 Ra2+ 0-1

[Event "USCL Carolina vs Philadelphia"]
[Site "Internet Chess Club"]
[Date "2006.10.04"]
[Round "6"]
[White "Smith, Bryan"]
[Black "Hoekstra, Matthew"]
[Result "0-1"]
[WhiteElo "2442"]
[BlackElo "2391"]
[PlyCount "114"]
[EventDate "2006.??.??"]

1. e4 g6 2. d4 c6 3. f4 d5 4. e5 h5 5. Nf3 Bg4 6. h3 Bxf3 7. Qxf3 e6 8. Bd3 c5
9. c3 Nc6 10. Be3 Qb6 11. Qf2 cxd4 12. cxd4 Nb4 13. Bf1 Be7 14. Nc3 Nh6 15.
Bb5+ Kf8 16. O-O Nf5 17. Rfc1 a6 18. Bf1 Nc6 19. Na4 Qb4 20. Nc5 Nxe3 21. Qxe3
Nxd4 22. Nd7+ Ke8 23. a3 Nf5 24. axb4 Nxe3 25. Rc7 Kd8 26. Rac1 Nc4 27. R7xc4
dxc4 28. Nb6 Rb8 29. Rxc4 Ke8 30. Kf2 Bd8 31. Nc8 Kd7 32. Nd6 Rf8 33. Be2 Bc7
34. Ne4 Bb6+ 35. Kf3 Rbc8 36. Nd6 Rxc4 37. Bxc4 Kc7 38. Ke4 Bf2 39. g4 b5 40.
Bb3 Be1 41. f5 Bxb4 42. Nxf7 gxf5+ 43. gxf5 Rxf7 44. Bxe6 Rf8 45. f6 Bd2 46.
Kf5 Bc1 47. b3 Bb2 48. h4 a5 49. Bd5 a4 50. bxa4 bxa4 51. f7 Kd7 52. e6+ Ke7
53. Kg6 Rd8 54. Ba2 Rd2 55. Kh7 a3 56. Kg8 Rg2+ 57. Kh7 Bc1 0-1

[Event "USCL Carolina vs Philadelphia"]
[Site "Internet Chess Club"]
[Date "2006.10.04"]
[Round "6"]
[White "Zaikov, Oleg"]
[Black "Costigan, Richard"]
[Result "0-1"]
[WhiteElo "2331"]
[BlackElo "2287"]
[PlyCount "94"]
[EventDate "2006.??.??"]

1. d4 d5 2. c4 c6 3. Nf3 Nf6 4. Nc3 dxc4 5. a4 Bf5 6. e3 e6 7. Bxc4 Bb4 8. O-O
O-O 9. Nh4 Nbd7 10. Nxf5 exf5 11. Qc2 Nb6 12. Bd3 g6 13. a5 Nbd5 14. Nxd5 cxd5
15. Bd2 Bd6 16. Rac1 Re8 17. Bb5 Re6 18. g3 Qe7 19. a6 Rb8 20. Ra1 h5 21. Rfb1
b6 22. Rc1 h4 23. Qb3 Rd8 24. Ra4 hxg3 25. hxg3 Ne4 26. Bb4 Nxg3 27. fxg3 Rxe3
28. Bxd6 Rxd6 29. Rc3 Rde6 30. Ra1 Qg5 31. Qxd5 Rxc3 32. bxc3 Re3 33. Bf1 Rxg3+
34. Bg2 Qe3+ 35. Kh2 Rg4 36. Qf3 Rh4+ 37. Kg3 Qg5+ 38. Kf2 Rf4 39. Rd1 Qh4+ 40.
Ke2 Rxf3 41. Bxf3 Qh2+ 42. Ke3 Qc2 43. d5 Qxc3+ 44. Kf2 Qc5+ 45. Kg2 Qd6 46.
Rc1 g5 47. Rc6 Qf4 0-1

[Event "USCL Carolina vs Philadelphia"]
[Site "Internet Chess Club"]
[Date "2006.10.04"]
[Round "6"]
[White "Rogers, Norman"]
[Black "Jones, Craig"]
[Result "0-1"]
[WhiteElo "2270"]
[BlackElo "2294"]
[PlyCount "105"]
[EventDate "2006.??.??"]

1. e4 e6 2. d4 d5 3. Nc3 Nf6 4. e5 Nfd7 5. f4 c5 6. Nf3 Nc6 7. Be3 cxd4 8. Nxd4
Bc5 9. Qd2 O-O 10. O-O-O a6 11. h4 Nxd4 12. Bxd4 b5 13. Qf2 Qb6 14. Kb1 Bb7 15.
h5 f6 16. Bxc5 Qxc5 17. Qg3 fxe5 18. fxe5 Qf2 19. Qh3 Qf5 20. g4 Qf3 21. g5
Rae8 22. g6 Nxe5 23. gxh7+ Kxh7 24. Rg1 b4 25. Rg3 Qf5 26. Qg2 Re7 27. Rg5 Qf3
28. Rxe5 Qxg2 29. Bxg2 bxc3 30. bxc3 d4 31. Bh3 dxc3 32. Rd3 Rf3 33. Rxf3 Bxf3
34. Re3 Bxh5 35. Rxc3 e5 36. Kc1 e4 37. Kd2 g5 38. Ke3 Bf3 39. Bf5+ Kh6 40.
Rc6+ Kh5 41. Rxa6 g4 42. Rg6 Kh4 43. Kf4 Kh3 44. Re6 Rf7 45. c4 Kg2 46. c5 Kf2
47. Ke5 e3 48. Bd3 g3 49. Rg6 e2 50. Bxe2 Bxe2 51. c6 g2 52. c7 Rxc7 53. Rh6
0-1

[Event "USCL Boston vs Baltimore"]
[Site "Internet Chess Club"]
[Date "2006.10.04"]
[Round "6"]
[White "Christiansen, Larry"]
[Black "Blehm, Pawel"]
[Result "0-1"]
[WhiteElo "2663"]
[BlackElo "2589"]
[PlyCount "94"]
[EventDate "2006.??.??"]

1. e4 c5 2. Nf3 Nc6 3. d4 cxd4 4. Nxd4 Nf6 5. Nc3 d6 6. Bc4 Qb6 7. Nb3 e6 8.
Bf4 Ne5 9. Be2 a6 10. Qd2 Be7 11. O-O-O Qc7 12. g4 b5 13. g5 Nfd7 14. a3 Nb6
15. Kb1 Nec4 16. Qe1 e5 17. Bc1 Be6 18. f4 Rc8 19. f5 Bd7 20. Bxc4 Qxc4 21. Qf2
b4 22. Na5 Qc7 23. axb4 d5 24. Nxd5 Nxd5 25. Rxd5 Bxb4 26. Rhd1 Ba4 27. b3 Bxa5
28. Bb2 O-O 29. Bxe5 Qb7 30. Bb2 Bc3 31. Bxc3 Rxc3 32. R5d3 Rxd3 33. Rxd3 Bc6
34. e5 Be4 35. Rc3 Rc8 36. Qb6 Qa8 37. Qd4 Bxf5 38. Kb2 Rd8 39. Qb6 g6 40. h4
a5 41. Rc7 Qd5 42. Rc5 Qd4+ 43. Ka2 a4 44. bxa4 Qxa4+ 45. Kb2 Qd4+ 46. Kb1 Qd1+
47. Kb2 Ra8 0-1

[Event "USCL Boston vs Baltimore"]
[Site "Internet Chess Club"]
[Date "2006.10.04"]
[Round "6"]
[White "Lopez, Bruci"]
[Black "Winer, Steven"]
[Result "1-0"]
[WhiteElo "2428"]
[BlackElo "2421"]
[PlyCount "53"]
[EventDate "2006.??.??"]

1. e4 c5 2. Nf3 d6 3. d4 cxd4 4. Nxd4 Nf6 5. Nc3 a6 6. Bc4 e6 7. Bb3 Nbd7 8. f4
Nc5 9. f5 Be7 10. Qf3 O-O 11. O-O e5 12. Nde2 Nxb3 13. axb3 b5 14. g4 b4 15. g5
bxc3 16. gxf6 cxb2 17. fxe7 bxa1=Q 18. exd8=Q Rxd8 19. Bh6 Qa5 20. Qg3 g6 21.
fxg6 hxg6 22. Qg5 Qb6+ 23. Kg2 d5 24. Qxe5 Bh3+ 25. Kh1 f6 26. Rxf6 Re8 27.
Rf8+ 1-0

[Event "USCL Boston vs Baltimore"]
[Site "Internet Chess Club"]
[Date "2006.10.04"]
[Round "6"]
[White "Kelleher, William"]
[Black "Kaufman, Larry"]
[Result "1-0"]
[WhiteElo "2387"]
[BlackElo "2394"]
[PlyCount "55"]
[EventDate "2006.??.??"]

1. e4 c6 2. d4 d5 3. exd5 cxd5 4. c4 Nf6 5. Nc3 e6 6. Nf3 Bb4 7. cxd5 Nxd5 8.
Bd2 Nc6 9. Bd3 O-O 10. O-O Be7 11. Qe2 Bf6 12. Rad1 Bxd4 13. Nxd5 exd5 14.
Bxh7+ Kxh7 15. Qd3+ Kg8 16. Nxd4 Nxd4 17. Qxd4 Be6 18. Bc3 f6 19. Rfe1 Qd7 20.
Re3 Qf7 21. h3 b6 22. Rde1 Rfe8 23. Rg3 Rf8 24. Ree3 Bf5 25. Ref3 Qd7 26. Qh4
Qe6 27. Qh5 Be4 28. Rxg7+ 1-0

[Event "USCL Boston vs Baltimore"]
[Site "Internet Chess Club"]
[Date "2006.10.04"]
[Round "6"]
[White "Rohonyan, Katerina"]
[Black "Krasik, Ilya"]
[Result "1/2-1/2"]
[WhiteElo "2292"]
[BlackElo "2202"]
[PlyCount "47"]
[EventDate "2006.??.??"]

1. e4 c5 2. Nf3 e6 3. Bc4 a6 4. a4 Nc6 5. O-O Qc7 6. Re1 Nf6 7. Nc3 Bd6 8. h3
b6 9. Qe2 Nd4 10. Nxd4 cxd4 11. Nd1 Bb7 12. d3 Bh2+ 13. Kf1 Rc8 14. c3 O-O 15.
Bg5 Qe5 16. Bd2 Rxc4 17. dxc4 d3 18. Qe3 Nxe4 19. f3 f5 20. Qxd3 Ng3+ 21. Kf2
Ne4+ 22. Kf1 Ng3+ 23. Kf2 Ne4+ 24. Kf1 1/2-1/2

[Event "USCL Tennessee vs Dallas"]
[Site "Internet Chess Club"]
[Date "2006.10.04"]
[Round "6"]
[White "Burnett, Ron"]
[Black "Stopa, Jacek"]
[Result "1/2-1/2"]
[WhiteElo "2423"]
[BlackElo "2432"]
[PlyCount "63"]
[EventDate "2006.??.??"]

1. e4 c5 2. Nf3 Nc6 3. Bb5 e6 4. O-O Nge7 5. c3 a6 6. Ba4 b5 7. Bc2 Bb7 8. d4
cxd4 9. cxd4 Nb4 10. d5 Nxc2 11. Qxc2 Rc8 12. Qe2 Ng6 13. Nc3 Bb4 14. Nxb5 axb5
15. Qxb5 Rb8 16. Qxb4 Ba6 17. Qa3 Bxf1 18. Kxf1 Ra8 19. Qb4 Qe7 20. d6 Qd8 21.
a4 O-O 22. Be3 Qb8 23. Bb6 Rc8 24. a5 Rc6 25. Rd1 e5 26. h4 h5 27. g3 Qb7 28.
Kg2 Rac8 29. Qb3 Rc4 30. Ng5 Nf8 31. Rc1 Rxc1 32. Qxf7+ 1/2-1/2